El problema del conocimiento

Guardat en:
Dades bibliogràfiques
Autor principal: Ayer, Alfred Jules (Autor)
Format: Llibre
Idioma:espanyol
Publicat: Buenos Aires EUDEBA 1968
Edició:2a. ed
Matèries:
Etiquetes: Afegir etiqueta
Sense etiquetes, Sigues el primer a etiquetar aquest registre!

MARC

LEADER 00000nam a2200000 a 4500
001 UCX2223
003 CL-VaPUC
008 910404e19680000AG |||||||||||||||||spa|d
082 0 4 |a 121  |b AYE  |2 21 
100 |a Ayer, Alfred Jules  |e author  |9 309502 
245 1 3 |a El problema del conocimiento 
250 |a 2a. ed 
300 |a 271 p 
942 |c BK 
945 |d 19910404 00:00:00 
260 |a Buenos Aires  |b EUDEBA  |c 1968 
650 0 |a Teoría del conocimiento   |9 255038 
583 |a last modification  |c 19910404 00:00:00  |k Rodrigo Vera 
999 |c 223293  |d 223291 
952 |0 0  |1 0  |4 0  |6 121_000000000000000_AYE_1968  |7 0  |8 P  |9 218922  |a BIBEDU  |b BIBEDU  |c BIBEDU_PB  |d 2019-11-15  |i 287721K  |o 121 AYE 1968  |p 287721K  |r 2024-01-25  |w 2019-11-15  |y BK  |k FIL